01382nam a2200301 a 450000100060000000300080000600500170001400800410003103500180007204000430009004100080013308200240014124500620016526000530022730000200028049000640030050000640036450500330042865000300046170000400049183000180053183000650054994200120061499900170062695201430064395201530078695201410093921834BD-RjUL20211209000732.0140305s1965 enk 000 0 eng d aBD-RjUL)21899 aRETROCON/NYGG (ZYU)cZYUbengdBD-RjUL aeng04a362.8bSOC V-1 196510aSocial work with families /ccomp. by Eileen Younghusband aLondon :bAllen & Unwin,c1965 [impression 1967] a187 p. ;c22 cm 0aNational Institute for Social Work Training series ;vno. 4 aAmerican ed. has title: Casework with families and children aV. 1--Reading In Social Work 0aFamily social work9674121 aYounghusband, Eileen Louise,967414 0vno. 49149168 0aNational Institute for Social Work Training series ;9145981 2ddccBK c21834d21834 00102ddc40708NFICaRUCLbRUCLcStackd1969-09-02eZeithlinger.g25.00l0o362.8 SOC V-1 1965r2014-03-05 00:00:00tC-3w2014-03-05yBK 00102ddc40708NFICaRUCLbRUCLcStackd1969-09-02eZeitlingerg25.00l1o362.8 SOC V-1 1967r2022-10-17 00:00:00s2022-09-29tC-4w2021-12-09yBK 00102ddc40708NFICaRUCLbRUCLcStackd1969-09-02eZeitlingerg25.00l0o362.8 SOC V-1 1967r2016-08-21 00:00:00tC-5w2021-12-09yBK